| 000 | 01140nam a2200325 c 4500 | ||
|---|---|---|---|
| 003 | BLK | ||
| 005 | 20180422102535.0 | ||
| 008 | 180408b bul|||||r ||||||| ||bul|| | ||
| 010 | _aKNG00067002000 | ||
| 020 |
_a954-9835-36-7 _bиздат.: Хайни |
||
| 040 | _aBLK | ||
| 041 |
_aBUL _cBUL |
||
| 080 |
_aБългарска литература _b821.163.2 _x-1 _z821.163.2-1 |
||
| 100 | 1 |
_aТончев, Георги Атанасов _eпърви автор _9280239 |
|
| 700 | 1 |
_aРашков, Петър _eхудож. _9367057 |
|
| 139 |
_aТончев, Георги Атанасов _bТ 73 |
||
| 245 | 1 | 0 |
_aГрях _bЛюбовна лирика _cГеорги Атанасов Тончев; худож. Петър Рашков. |
| 250 | _a2. доп. изд. | ||
| 257 | _aBGR | ||
| 260 |
_аСофия _bХайни _c2005 |
||
| 300 |
_a48 с. _bс ил. _c21 см |
||
| 380 | _aX | ||
| 500 | _a1. изд. 2003 на изд. Пламък. | ||
| 653 | _aстихотворения | ||
| 852 | _aЦб 228477 | ||
| 856 | 4 |
_qpdf _u |
|
| 856 | 4 |
_qpdf _u |
|
| 942 |
_cKNG _n0 |
||
| 944 |
_aCR _c06.07.2006 _kЛюдмила_Стоянова |
||
| 944 |
_aED _c14.07.2006 _k |
||
| 999 |
_c62777 _d62777 |
||